[Event "London Classic Open 2016"]
[Site "London ENG"]
[Date "2016.12.15"]
[Round "8.30"]
[White "Soumya, Swaminathan"]
[Black "Lochte, Thomas"]
[Result "1-0"]
[WhiteTitle "WGM"]
[WhiteElo "2384"]
[BlackElo "2005"]
[WhiteFideId "5016193"]
[BlackFideId "4606272"]
[EventDate "2016.12.09"]

1. e4 e6 2. d4 d5 3. Nc3 dxe4 4. Nxe4 Nd7 5. Nf3 Ngf6 6. Nxf6+ Nxf6 7. Be3 Bd7
8. Ne5 Bd6 9. Be2 Nd5 10. Bd2 Qh4 11. c4 Bxe5 12. dxe5 Nf4 13. g3 Ng2+ 14. Kf1
Qh3 15. Kg1 h5 16. Bf3 Nh4 17. gxh4 O-O-O 18. Qb3 c6 19. Qe3 Rh6 20. Bg2 Qg4 21.
Qxa7 Rg6 22. Qa8+ 1-0

[Event "London Classic Open 2016"]
[Site "London ENG"]
[Date "2016.12.15"]
[Round "8.31"]
[White "Raghunandan, Kaumandur Srihari"]
[Black "Haessel, Dale R."]
[Result "1-0"]
[WhiteTitle "IM"]
[BlackTitle "FM"]
[WhiteElo "2423"]
[BlackElo "2208"]
[WhiteFideId "25004964"]
[BlackFideId "2012618"]
[EventDate "2016.12.09"]

1. d4 Nf6 2. Nf3 g6 3. Bf4 Bg7 4. e3 O-O 5. h3 d6 6. Be2 Nfd7 7. O-O e5 8. Bh2
Nc6 9. c3 a5 10. Nbd2 f5 11. Nc4 e4 12. Nfd2 b5 13. Na3 b4 14. Nb5 Nb6 15. Rc1
Rf7 16. Nc4 Nxc4 17. Bxc4 d5 18. Bxc7 Rxc7 19. Bxd5+ Qxd5 20. Nxc7 Qd8 21. Nxa8
Bb7 22. cxb4 Qxa8 23. bxa5 Nxa5 24. Qa4 Bf8 25. Rc7 1-0

[Event "London Classic Open 2016"]
[Site "London ENG"]
[Date "2016.12.15"]
[Round "8.32"]
[White "Eggleston, David J"]
[Black "Moravec, Vit"]
[Result "1-0"]
[WhiteTitle "IM"]
[WhiteElo "2399"]
[BlackElo "2205"]
[WhiteFideId "412120"]
[BlackFideId "331481"]
[EventDate "2016.12.09"]

1. e4 e6 2. d4 d5 3. Nc3 Bb4 4. e5 b6 5. a3 Bf8 6. Bb5+ Bd7 7. Bd3 Ne7 8. Nce2
a6 9. Nf3 Bb5 10. Bxb5+ axb5 11. Ng3 h6 12. c3 c5 13. b4 c4 14. h4 Nec6 15. h5
Be7 16. O-O Kd7 17. Nh2 Kc7 18. Ng4 Nd7 19. Ne3 Kb7 20. Ne2 Qg8 21. Nf4 Bg5 22.
Nfxd5 exd5 23. f4 Bd8 24. Qf3 Ne7 25. Nxd5 Kb8 26. Nxe7 Bxe7 27. Qd5 Ra7 28.
Qxb5 f5 29. d5 Qe8 30. d6 Bd8 31. Qxc4 Qxh5 32. Rf3 g5 33. e6 g4 34. exd7 Rxd7
35. Re3 Rxd6 36. Qe2 b5 37. Re5 Re8 38. Rxe8 Rd1+ 39. Qxd1 Qxe8 40. Kf1 Bb6 41.
Qe2 Qh5 42. Ke1 1-0

[Event "London Classic Open 2016"]
[Site "London ENG"]
[Date "2016.12.15"]
[Round "8.33"]
[White "Houska, Jovanka"]
[Black "Haribalu, V."]
[Result "1-0"]
[WhiteTitle "IM"]
[WhiteElo "2397"]
[BlackElo "2201"]
[WhiteFideId "405094"]
[BlackFideId "5015189"]
[EventDate "2016.12.09"]

1. d4 d5 2. Nf3 Nf6 3. c4 c6 4. g3 dxc4 5. Bg2 b5 6. O-O e6 7. Nc3 Nd5 8. a4 Bb7
9. Ne5 f6 10. Nf3 Be7 11. Ne4 O-O 12. b3 c3 13. Bh3 b4 14. Bxe6+ Kh8 15. Bh3 Na6
16. Qc2 Bc8 17. Bg2 Be6 18. Rd1 Rc8 19. a5 Qc7 20. Ne1 f5 21. Ng5 Bxg5 22. Bxg5
Qf7 23. Nd3 Qh5 24. h4 Qf7 25. Ne5 Qb7 26. h5 c5 27. h6 g6 28. e4 fxe4 29. Qxe4
Nac7 30. dxc5 Qb5 31. Nxg6+ Kg8 32. Qe5 Nf6 33. Nxf8 Rxf8 34. Qxc7 Ne8 35. Qe5
Bf7 36. Rd8 1-0

[Event "London Classic Open 2016"]
[Site "London ENG"]
[Date "2016.12.15"]
[Round "8.34"]
[White "Lyell, Mark"]
[Black "Grafl, Florian"]
[Result "1-0"]
[WhiteTitle "FM"]
[BlackTitle "IM"]
[WhiteElo "2203"]
[BlackElo "2394"]
[WhiteFideId "402354"]
[BlackFideId "4645715"]
[EventDate "2016.12.09"]

1. e4 a6 2. d4 b5 3. Nf3 Bb7 4. Bd3 Nf6 5. Nbd2 e6 6. O-O c5 7. e5 Nd5 8. dxc5
Bxc5 9. Ne4 Be7 10. Bg5 f6 11. exf6 Nxf6 12. Bxf6 gxf6 13. Ne5 O-O 14. Qg4+ Kh8
15. Qh3 f5 16. Ng6+ Kg7 17. Nxf8 Qxf8 18. Ng3 Kh8 19. Rad1 d5 20. Nxf5 exf5 21.
Bxf5 h6 22. Rfe1 Bf6 23. Re8 Qxe8 24. Qxh6+ Kg8 25. Bh7+ 1-0

[Event "London Classic Open 2016"]
[Site "London ENG"]
[Date "2016.12.15"]
[Round "8.35"]
[White "Martins, David Pires Tavares"]
[Black "Bates, Caspar J"]
[Result "1-0"]
[WhiteTitle "FM"]
[WhiteElo "2382"]
[BlackElo "2156"]
[WhiteFideId "1909991"]
[BlackFideId "414760"]
[EventDate "2016.12.09"]

1. c4 Nf6 2. Nc3 e6 3. e4 c5 4. e5 Ng8 5. Nf3 Nc6 6. d4 cxd4 7. Nxd4 Nxe5 8.
Ndb5 a6 9. Nd6+ Bxd6 10. Qxd6 f6 11. Be3 Ne7 12. Bb6 Nf5 13. Qb4 Qe7 14. Qxe7+
Kxe7 15. f4 Nc6 16. O-O-O d6 17. Bd3 Nfd4 18. Rhe1 e5 19. c5 Be6 20. cxd6+ Kxd6
21. Be4 Rac8 22. Kb1 Bg4 23. Rd2 Rhe8 24. h3 Bh5 25. fxe5+ fxe5 26. Bxh7 g6 27.
g4 Rh8 28. gxh5 Rxh7 29. Ne4+ Ke7 30. Bxd4 Nxd4 31. Rxd4 Rxh5 32. Rd3 Rc6 33.
Red1 Rh4 34. Nc3 g5 35. Rd7+ Ke6 36. Rxb7 Rxh3 37. Rg7 Kf6 38. Rg8 Kf5 39. Rf1+
Kg4 40. Ne4 Rf3 41. Rxg5+ Kf4 42. Rxf3+ Kxf3 43. Rxe5 Kf4 44. Re8 Ke3 45. Nc3+ 1-0

[Event "London Classic Open 2016"]
[Site "London ENG"]
[Date "2016.12.15"]
[Round "8.36"]
[White "Ilfeld, Etan"]
[Black "Batchelor, Peter J"]
[Result "0-1"]
[BlackTitle "FM"]
[WhiteElo "2181"]
[BlackElo "2365"]
[WhiteFideId "2803470"]
[BlackFideId "424854"]
[EventDate "2016.12.09"]

1. e4 c6 2. d4 d5 3. Nd2 dxe4 4. Nxe4 Bf5 5. Ng3 Bg6 6. Bc4 e6 7. N1e2 Nf6 8.
O-O Bd6 9. f4 Qc7 10. f5 exf5 11. Nxf5 Bxf5 12. Rxf5 Nbd7 13. Bf4 Bxf4 14. Rxf4
Nb6 15. Bd3 Nbd5 16. Rf3 O-O-O 17. c4 Ne7 18. h3 Rhe8 19. Qd2 Kb8 20. Raf1 Ng6
21. b4 Nf8 22. Bf5 Ne6 23. Rd3 h6 24. Bxe6 fxe6 25. Nc3 e5 26. dxe5 Rxd3 27.
Qxd3 Qxe5 28. Rd1 h5 29. b5 Qe3+ 30. Qxe3 Rxe3 31. Rc1 Kc7 32. Rc2 h4 33. Ne2
Ne4 34. Kf1 g5 35. bxc6 Kxc6 36. Nd4+ Kc5 37. Nf3 b6 38. Kg1 a5 39. Kf1 a4 40.
Rb2 a3 41. Rb5+ Kxc4 42. Rxb6 Ng3+ 43. Kg1 Re2 44. Nxg5 Rxa2 45. Rb1 Rb2 46.
Rc1+ Kb4 47. Kh2 a2 48. Ra1 Rb1 0-1

[Event "London Classic Open 2016"]
[Site "London ENG"]
[Date "2016.12.15"]
[Round "8.37"]
[White "Siva, Mahadevan"]
[Black "Cumming, Rhys"]
[Result "1-0"]
[WhiteTitle "IM"]
[WhiteElo "2360"]
[BlackElo "2156"]
[WhiteFideId "25043153"]
[BlackFideId "470163"]
[EventDate "2016.12.09"]

1. e4 e5 2. Nf3 Nc6 3. Bc4 Nf6 4. d3 Bc5 5. O-O O-O 6. h3 d5 7. exd5 Nxd5 8. Re1
Re8 9. d4 Nxd4 10. Nxd4 Nb6 11. Bb5 c6 12. Nxc6 bxc6 13. Bxc6 Qf6 14. Qf3 Qxf3
15. gxf3 Bxh3 16. Bxa8 Nxa8 17. Be3 Bb4 18. c3 Bf8 19. Nd2 Nb6 20. Ne4 Nc4 21.
b3 Nxe3 22. fxe3 Bc8 23. Rad1 Re6 24. Rd8 Bb7 25. Red1 Bxe4 26. fxe4 g6 27. Ra8
Kg7 28. Rxa7 Bc5 29. Rc7 Bxe3+ 30. Kg2 h5 31. b4 Ra6 32. Kf3 Bh6 33. b5 Rxa2 34.
Rdd7 g5 35. Rxf7+ Kg6 36. b6 g4+ 37. Kg3 Rb2 38. b7 Bf4+ 39. Rxf4 exf4+ 40. Kxf4
Kf6 41. c4 Rf2+ 42. Kg3 Rf3+ 43. Kg2 Rb3 44. c5 h4 45. Rc6+ Kg5 46. Rb6 Rg3+ 47.
Kf2 Rf3+ 48. Ke2 Rf8 49. b8=Q Rxb8 50. Rxb8 g3 51. Kf3 1-0

[Event "London Classic Open 2016"]
[Site "London ENG"]
[Date "2016.12.15"]
[Round "8.39"]
[White "Jones, Steven A"]
[Black "Moen, Andreas"]
[Result "0-1"]
[BlackTitle "IM"]
[WhiteElo "2175"]
[BlackElo "2327"]
[WhiteFideId "419630"]
[BlackFideId "1501453"]
[EventDate "2016.12.09"]

1. e4 e5 2. Nf3 Nf6 3. d4 Nxe4 4. Bd3 d5 5. Nxe5 Nd7 6. Nxd7 Bxd7 7. O-O Bd6 8.
c4 c6 9. Nc3 Nxc3 10. bxc3 O-O 11. cxd5 cxd5 12. Qh5 g6 13. Qxd5 Qc7 14. g3 Be6
15. Qf3 Qxc3 16. Rb1 Qxd4 17. Be4 Qc4 18. Rxb7 Rae8 19. Bb2 Bh3 20. Bd3 Qe6 21.
Bb5 Bxf1 22. Bxe8 Ba6 23. Qc3 f6 24. Rxa7 Qe2 25. Rxa6 Qxa6 26. Qb3+ Kg7 27. Qe6
Qb7 28. Qxd6 Qxb2 29. Qe7+ Kg8 30. Qe6+ Kh8 31. Qe7 Rg8 32. Bf7 Rb8 33. Bb3 Qe5
34. Qf7 Qd6 35. h4 Qf8 36. Qe6 Re8 37. Qc6 Re1+ 38. Kg2 Qe7 39. Bd5 Kg7 40. a4
Qa7 41. Qc8 Re2 42. Qg8+ Kh6 43. Qf8+ Qg7 44. Qb8 Qe7 45. Qf4+ Kg7 46. Qc4 Qe3
47. Qf4 Qxf4 48. gxf4 Rd2 49. Bc6 Rd3 50. Kf1 Rh3 51. Ke2 Rxh4 52. Ke3 Rh5 53.
Kd4 Rf5 54. Kc4 Rxf4+ 55. Kb5 Rxf2 56. a5 Rb2+ 57. Kc5 f5 58. Ba4 f4 59. a6 f3 0-1

[Event "London Classic Open 2016"]
[Site "London ENG"]
[Date "2016.12.15"]
[Round "8.40"]
[White "Gomes, Mary Ann"]
[Black "Abrahams, Daniel"]
[Result "1/2-1/2"]
[WhiteTitle "WGM"]
[WhiteElo "2302"]
[BlackElo "2071"]
[WhiteFideId "5013623"]
[BlackFideId "2606879"]
[EventDate "2016.12.09"]

1. Nf3 Nf6 2. c4 c5 3. g3 b6 4. Bg2 Bb7 5. O-O e6 6. Nc3 d6 7. Re1 Nbd7 8. e4
Be7 9. d4 cxd4 10. Nxd4 Qc7 11. b3 a6 12. Bb2 O-O 13. Rc1 Rac8 14. f4 Rfd8 15.
f5 e5 16. Nc2 b5 17. cxb5 axb5 18. Kh1 Qb6 19. Nb4 Qa5 20. a3 Nc5 21. Ncd5 Nxd5
22. exd5 Bg5 23. Rc3 Re8 24. Qc2 Qa8 25. Qe2 e4 26. Rd1 Bf6 27. Re3 Bxb2 28.
Qxb2 Re5 29. f6 Bxd5 30. Qe2 Be6 1/2-1/2

[Event "London Classic Open 2016"]
[Site "London ENG"]
[Date "2016.12.15"]
[Round "8.41"]
[White "Garcia Martinez, Marcos"]
[Black "Zapolskis, Antanas"]
[Result "1-0"]
[BlackTitle "IM"]
[WhiteElo "2160"]
[BlackElo "2294"]
[WhiteFideId "22245073"]
[BlackFideId "12800210"]
[EventDate "2016.12.09"]

1. d4 b5 2. e4 Bb7 3. Bd3 e6 4. Nf3 c5 5. c3 a6 6. O-O Nf6 7. Re1 d6 8. a4 b4 9.
cxb4 cxb4 10. a5 d5 11. e5 Ne4 12. Nbd2 Nxd2 13. Nxd2 Be7 14. Nb3 h5 15. f4 g6
16. Be3 Nc6 17. Qe2 Kf8 18. Rec1 Ra7 19. Kh1 h4 20. Qg4 Ba8 21. Rf1 h3 22. g3
Qe8 23. Rac1 Bd8 24. Rc5 Be7 25. Rc2 Bd8 26. Rfc1 Ne7 27. Qe2 Qa4 28. Nc5 Qxa5
29. g4 Nc6 30. Bf2 Bh4 31. f5 gxf5 32. gxf5 Bxf2 33. Qxf2 b3 34. Nxe6+ fxe6 35.
fxe6+ Ke8 36. Qf6 Rg8 37. Rf2 Rag7 38. Bg6+ 1-0

[Event "London Classic Open 2016"]
[Site "London ENG"]
[Date "2016.12.15"]
[Round "8.42"]
[White "Lercel, Michal"]
[Black "Stewart, Ashley"]
[Result "1-0"]
[WhiteElo "2266"]
[BlackElo "2105"]
[WhiteFideId "1114700"]
[BlackFideId "419001"]
[EventDate "2016.12.09"]

1. Nf3 c5 2. b3 Nc6 3. Bb2 d6 4. e3 e5 5. d4 cxd4 6. exd4 Bg4 7. Be2 Bxf3 8.
Bxf3 exd4 9. O-O d5 10. Re1+ Nge7 11. Bxd4 Nxd4 12. Qxd4 Qa5 13. b4 Qa6 14. Qxd5
Rc8 15. Qxb7 Qxb7 16. Bxb7 Rxc2 17. Na3 Rc7 18. Nb5 Rc2 19. Rad1 1-0

[Event "London Classic Open 2016"]
[Site "London ENG"]
[Date "2016.12.15"]
[Round "8.43"]
[White "Peiris, T G M"]
[Black "Ronka, Erik"]
[Result "1/2-1/2"]
[WhiteElo "2134"]
[BlackElo "2262"]
[WhiteFideId "9901310"]
[BlackFideId "505080"]
[EventDate "2016.12.09"]

1. e4 e5 2. Nf3 Nc6 3. Bb5 a6 4. Bxc6 dxc6 5. O-O Bg4 6. h3 h5 7. d3 Qf6 8. Nbd2
g5 9. Nc4 Bxf3 10. Qxf3 Qxf3 11. gxf3 f6 12. h4 gxh4 13. f4 b5 14. Na5 exf4 15.
Bxf4 Kd7 16. Kh2 Bd6 17. Bxd6 cxd6 18. Rg1 Ne7 19. Rg7 Rag8 20. Rag1 Rxg7 21.
Rxg7 Ke6 22. Kh3 f5 23. f3 fxe4 24. fxe4 Rf8 25. Rg2 Rf4 26. Nb3 c5 27. Nc1 Rf1
28. Ne2 Rh1+ 29. Rh2 Rb1 30. Kxh4 Rxb2 31. Kxh5 Rxa2 32. Kg4 Nc6 33. Nf4+ Kd7
34. Rh7+ Kc8 35. Nd5 Nb4 36. Nb6+ Kb8 37. Kf5 Rxc2 38. Ke6 Rg2 39. Nd7+ Kc8 40.
Kxd6 Rg6+ 41. Kxc5 Nxd3+ 42. Kd5 a5 43. e5 a4 44. Kd4 Nf2 45. Kc5 a3 46. Kxb5 a2
47. Rh8+ Kxd7 48. Ra8 Nd1 49. Kc4 Rg2 50. Ra6 Rc2+ 51. Kd3 Rb2 52. Kc4 Ke7 53.
Kd3 Rh2 54. Kc4 Kd8 55. Kb3 Rb2+ 56. Kc4 Kc7 57. e6 Kd8 58. Ra7 Ke8 59. Kd3 Rg2
60. Kc4 Kf8 61. Kd3 Rg3+ 62. Kc2 Nc3 63. Rf7+ Ke8 64. Rf1 Ke7 65. Kb2 Kxe6 66.
Ka1 Kd5 67. Rh1 Kd4 68. Rf1 Kc4 69. Rh1 Kb3 70. Rf1 Rh3 71. Rg1 Rd3 72. Re1 Rd8
73. Rh1 Rb8 74. Rh7 Kc4 75. Rh4+ Kd5 76. Rh5+ Kd6 77. Rh6+ Kd5 78. Rh5+ Kd4 79.
Rh4+ Kd3 80. Rh3+ Kc4 81. Rh4+ Kb3 82. Rh7 Rd8 83. Rd7 Re8 84. Re7 Rf8 85. Rf7
Rg8 86. Rg7 Rc8 87. Rc7 Rd8 88. Rd7 Rb8 89. Rb7+ Rxb7 1/2-1/2

[Event "London Classic Open 2016"]
[Site "London ENG"]
[Date "2016.12.15"]
[Round "8.44"]
[White "Nandhidhaa, PV"]
[Black "Lentzos, Ioanis"]
[Result "1/2-1/2"]
[WhiteTitle "WIM"]
[WhiteElo "2251"]
[BlackElo "2035"]
[WhiteFideId "5050847"]
[BlackFideId "4255470"]
[EventDate "2016.12.09"]

1. e4 c5 2. Nf3 e6 3. d4 cxd4 4. Nxd4 Nc6 5. Nc3 Qc7 6. Be3 a6 7. Be2 b5 8. O-O
Nf6 9. a3 Bb7 10. f4 Bc5 11. Qd3 Qb6 12. Rad1 d5 13. exd5 Nxd4 14. Bxd4 Bxd4+
15. Qxd4 Qxd4+ 16. Rxd4 Nxd5 17. Ne4 Ke7 18. Nc5 Bc6 19. Bf3 Rhc8 20. Bxd5 Bxd5
21. b4 g6 22. Re1 Kd6 23. a4 bxa4 24. Red1 Ke7 25. c4 Bc6 26. Rc1 Rd8 27. Rxd8
Rxd8 28. Nxa6 Rd2 29. b5 Rxg2+ 30. Kf1 Rxh2 31. Rc3 Be4 32. Nc5 Bc2 33. b6 Kd6
34. Na6 Be4 35. c5+ Kc6 36. Nb4+ Kb7 37. Ra3 Bc6 38. Nxc6 Kxc6 39. Rxa4 Rb2 40.
Ra7 Kxc5 41. Rxf7 Rxb6 42. Rxh7 Kd5 43. Rg7 Ke4 44. Rxg6 Kxf4 45. Ke2 Rb2+ 46.
Ke1 e5 47. Rh6 e4 48. Rh4+ Ke3 49. Rh3+ Kd4 50. Ra3 Ke5 51. Rh3 Kf4 52. Rh4+ Kf3
53. Rh3+ Kg4 54. Rh8 Kf4 55. Rh4+ Ke5 56. Rh3 1/2-1/2

[Event "London Classic Open 2016"]
[Site "London ENG"]
[Date "2016.12.15"]
[Round "8.45"]
[White "Richardson, John R"]
[Black "Woong, Zhi Wei William"]
[Result "0-1"]
[WhiteTitle "FM"]
[BlackTitle "CM"]
[WhiteElo "2248"]
[BlackElo "2000"]
[WhiteFideId "401617"]
[BlackFideId "5804906"]
[EventDate "2016.12.09"]

1. d4 d5 2. c4 e6 3. Nc3 Be7 4. cxd5 exd5 5. Bf4 c6 6. e3 Bf5 7. g4 Be6 8. h4
Nd7 9. h5 Nh6 10. Bxh6 gxh6 11. Bd3 Nb6 12. f4 Bh4+ 13. Kf1 Bf6 14. Rh2 Qe7 15.
Rg2 O-O-O 16. b3 Kb8 17. a4 c5 18. Nf3 Rhg8 19. f5 Bc8 20. a5 Na8 21. Qd2 Nc7
22. Na4 c4 23. Bb1 Rde8 24. Kf2 Bg5 25. Nxg5 Qxg5 26. Kf3 Qh4 27. Bc2 cxb3 28.
Bd3 Re7 29. Qb4 Qh3+ 30. Rg3 Rxe3+ 31. Kxe3 Qxg3+ 32. Kd2 Rxg4 33. a6 Qf2+ 34.
Kc3 Rg3 35. Rd1 Qc2# 0-1

[Event "London Classic Open 2016"]
[Site "London ENG"]
[Date "2016.12.15"]
[Round "8.46"]
[White "Hrdina, Robin"]
[Black "Merriman, John"]
[Result "1-0"]
[WhiteElo "2120"]
[BlackElo "2243"]
[WhiteFideId "339342"]
[BlackFideId "402362"]
[EventDate "2016.12.09"]

1. b3 d5 2. f4 c5 3. Bb2 Nf6 4. e3 g6 5. Nf3 Bg7 6. Bb5+ Nbd7 7. O-O O-O 8. Qe1
Qb6 9. a4 Rd8 10. Nc3 a6 11. Bd3 Qc7 12. a5 Nb8 13. Na4 Qxa5 14. b4 Qc7 15. Be5
Qc6 16. bxc5 Ng4 17. Nd4 Qe8 18. Bxg7 Kxg7 19. Nb6 Ra7 20. Nb5 Nc6 21. Nxa7 Nxa7
22. Nxc8 Rxc8 23. Be2 Nf6 24. d4 Nc6 25. Bd3 Qd7 26. h3 Qe6 27. Qd2 Rc7 28. Rfb1
Nd7 29. Ra3 Nd8 30. Rab3 Kg8 31. Qe2 Qf6 32. Qf3 Qc6 33. e4 e6 34. e5 Nb8 35.
Qg3 Qe8 36. c3 Qe7 37. f5 exf5 38. Bxf5 Nbc6 39. Ra1 Kf8 40. Bg4 h5 41. Bf3 Rd7
42. Rb6 Ne6 43. Kh1 Qd8 44. Be2 Rc7 45. Rf1 Ke8 46. Rf6 Qd7 47. Bd3 Ke7 48. Bxg6 1-0

[Event "London Classic Open 2016"]
[Site "London ENG"]
[Date "2016.12.15"]
[Round "8.47"]
[White "Player, Edmund C"]
[Black "Cole, James"]
[Result "1-0"]
[WhiteElo "2239"]
[BlackElo "1827"]
[WhiteFideId "406520"]
[BlackFideId "431818"]
[EventDate "2016.12.09"]

1. e4 d6 2. d4 Nf6 3. Nc3 Nbd7 4. Nf3 e5 5. Bc4 Be7 6. O-O O-O 7. Re1 c6 8. a4
b6 9. Ba2 a6 10. Nh4 Nxe4 11. Nxe4 Bxh4 12. dxe5 dxe5 13. Qh5 Be7 14. Bg5 Nc5
15. Rad1 Qc7 16. Bxe7 Qxe7 17. Nxc5 bxc5 18. Qxe5 Qxe5 19. Rxe5 Rb8 20. Rxc5
Rxb2 21. Bb3 Be6 22. Bxe6 fxe6 23. g3 Rfb8 24. Rxc6 Ra2 25. Rd4 Rbb2 26. Rc7 h6
27. Rg4 g5 28. Rd4 Rb8 29. Rdc4 Rbb2 30. Kg2 a5 31. Rd4 Rb8 32. Re4 Re8 33. Kh3
Rf8 34. Kg2 Rf7 35. Rcc4 Re7 36. Re5 Kf7 37. Rxa5 Rd7 38. Rac5 Kf6 39. Rc6 Rd5
40. h4 Ra5 41. Re4 Re5 42. hxg5+ hxg5 43. Rxe5 Kxe5 44. Rc5+ Kd6 45. Rxg5 Rxa4
46. Rg8 Rc4 47. Rd8+ Ke5 48. Rd2 Kf5 49. Re2 e5 50. f3 Rc5 51. g4+ Kf4 52. Re4+
Kg5 53. Kg3 Kg6 54. c4 Kg5 55. Re2 Kf6 56. Rc2 Kg5 57. Rc3 Kh6 58. Kf2 Kg5 59.
Ke3 Kf6 60. Kd3 Kg5 61. Kc2 Kf4 62. Kb3 e4 63. fxe4 Kxe4 64. Kb4 Rc8 65. c5 Kd5
66. Rd3+ Kc6 67. Rd6+ Kc7 68. g5 Rh8 69. Rh6 Rg8 70. g6 Kc6 71. Kc4 Rg7 72. Kd4 1-0

[Event "London Classic Open 2016"]
[Site "London ENG"]
[Date "2016.12.15"]
[Round "8.48"]
[White "Stanisz, Patryk"]
[Black "Bukojemski, Adam"]
[Result "1-0"]
[WhiteElo "2064"]
[BlackElo "2214"]
[WhiteFideId "1123106"]
[BlackFideId "1114620"]
[EventDate "2016.12.09"]

1. d4 Nf6 2. Nc3 b6 3. e4 d6 4. f4 c5 5. Nf3 cxd4 6. Nxd4 Bb7 7. e5 Ne4 8. Bb5+
Nd7 9. e6 fxe6 10. Nxe6 Nxc3 11. Nxd8 Nxd1 12. Nxb7 Nc3 13. bxc3 Rc8 14. Be2 Nf6
15. a4 Rc7 16. Ba6 Nd5 17. Bb5+ Kf7 18. Nd8+ Kf6 19. g4 e5 20. fxe5+ dxe5 21.
O-O+ Ke7 22. Nf7 1-0

[Event "London Classic Open 2016"]
[Site "London ENG"]
[Date "2016.12.15"]
[Round "8.50"]
[White "Eizaguerri Floris, Maria"]
[Black "Pert, Richard G"]
[Result "0-1"]
[WhiteTitle "WFM"]
[BlackTitle "IM"]
[WhiteElo "2082"]
[BlackElo "2423"]
[WhiteFideId "32065752"]
[BlackFideId "404748"]
[EventDate "2016.12.09"]

1. e4 e6 2. d4 d5 3. Bd3 dxe4 4. Bxe4 Nf6 5. Bf3 c5 6. Ne2 Nc6 7. Be3 cxd4 8.
Nxd4 Ne5 9. Nc3 Be7 10. Qe2 Nxf3+ 11. Qxf3 O-O 12. O-O-O Qa5 13. g4 Nd7 14. h4
Ne5 15. Qe2 Qa6 16. Ndb5 Bd7 17. Bd4 Ng6 18. h5 Bg5+ 19. Be3 Bxb5 20. Nxb5 Nf4
21. Qc4 Rac8 22. Qb3 h6 23. Rd6 Rc6 24. Rhd1 Nd5 25. Rxc6 Bxe3+ 26. fxe3 bxc6
27. Nd4 c5 28. Nb5 c4 29. Qxc4 Nxe3 30. Qb3 Nxd1 31. Kxd1 Qc6 32. Qd3 Qh1+ 33.
Kd2 Qg2+ 34. Kc3 Qxg4 35. Nxa7 Qa4 36. Nb5 Rc8+ 37. Kd2 Qa5+ 38. Ke2 Qxa2 39.
Nd6 Rd8 40. b3 Qa1 41. Qg3 Qd4 42. Nc4 Qd1+ 43. Ke3 Qxc2 44. Qc7 Rd3+ 0-1

[Event "London Classic Open 2016"]
[Site "London ENG"]
[Date "2016.12.15"]
[Round "8.51"]
[White "Buchicchio, Giampaolo"]
[Black "Compton, Alistair"]
[Result "1-0"]
[WhiteTitle "FM"]
[WhiteElo "2262"]
[BlackElo "2099"]
[WhiteFideId "811491"]
[BlackFideId "4300645"]
[EventDate "2016.12.09"]

1. e4 e6 2. d4 d5 3. Nd2 h6 4. Bd3 c5 5. c3 Nc6 6. Ngf3 Nf6 7. O-O g5 8. Re1 g4
9. Ne5 h5 10. Bb5 Bd7 11. Nxd7 Qxd7 12. exd5 Qxd5 13. Nc4 O-O-O 14. Qa4 cxd4 15.
Bf4 Nd7 16. cxd4 Qf5 17. d5 exd5 18. Bxc6 dxc4 19. Qxa7 Qxf4 20. Qxb7# 1-0

[Event "London Classic Open 2016"]
[Site "London ENG"]
[Date "2016.12.15"]
[Round "8.52"]
[White "Rydstrom, Tom"]
[Black "Bhatia, Kanwal K"]
[Result "1-0"]
[WhiteTitle "FM"]
[BlackTitle "WFM"]
[WhiteElo "2239"]
[BlackElo "2096"]
[WhiteFideId "1714830"]
[BlackFideId "407496"]
[EventDate "2016.12.09"]

1. e4 e5 2. Nf3 Nc6 3. Bc4 Bc5 4. c3 Nf6 5. b4 Bb6 6. d3 d6 7. Nbd2 O-O 8. Bb3
a5 9. Nc4 axb4 10. Nxb6 cxb6 11. cxb4 Nxb4 12. O-O Nc6 13. Be3 Bg4 14. h3 Bh5
15. g4 Bg6 16. Nh4 d5 17. Nxg6 hxg6 18. g5 d4 19. gxf6 dxe3 20. fxe3 gxf6 21.
Qe2 Kg7 22. Rad1 Rh8 23. Rf3 Rh6 24. Rdf1 g5 25. Qg2 Qd7 26. h4 g4 27. h5 Rg8
28. Rg3 Kf8 29. Bd1 Qxd3 30. Bxg4 Rxg4 31. Rxg4 Qxe3+ 32. Qf2 Qh3 33. Rh4 Qd3
34. Qf3 Qd2 35. Qa3+ Ke8 36. Qc1 Qg5+ 37. Qxg5 fxg5 38. Rh2 b5 39. Rhf2 Rxh5 40.
Rxf7 Ne7 41. Rg7 b6 42. Rff7 1-0

[Event "London Classic Open 2016"]
[Site "London ENG"]
[Date "2016.12.15"]
[Round "8.53"]
[White "Stephan, Axel"]
[Black "Vardan, Nagpal"]
[Result "1-0"]
[WhiteElo "2239"]
[BlackElo "2079"]
[WhiteFideId "4632834"]
[BlackFideId "25089544"]
[EventDate "2016.12.09"]

1. e4 e6 2. d3 c5 3. Nd2 Nc6 4. Ngf3 d5 5. g3 Nf6 6. Bg2 Be7 7. O-O b6 8. Re1
Bb7 9. c3 h6 10. a3 Qc7 11. e5 Nd7 12. d4 g5 13. h3 O-O-O 14. b4 c4 15. a4 Rdg8
16. Nb1 a6 17. b5 Na5 18. Ba3 Bxa3 19. Nxa3 g4 20. hxg4 Rxg4 21. Nh2 Rg7 22. Re3
Qd8 23. Qh5 Qe7 24. Nc2 axb5 25. axb5 Nb3 26. Ra7 Na5 27. Nb4 Kb8 28. Rxb7+ Kxb7
29. Qf3 Kc8 30. Ng4 Rg6 31. Re2 Rd8 32. Ra2 Nb8 33. Nf6 Qb7 34. Bh3 Nd7 35.
Nfxd5 exd5 36. Qxf7 Rdg8 37. Nc6 R6g7 38. Qxd5 Re8 39. e6 Nb8 40. Qd8+ Rxd8 41.
e7+ Rd7 42. e8=Q+ Kc7 43. Qe5+ Kc8 44. Nxb8 Qxb8 45. Qxg7 1-0

[Event "London Classic Open 2016"]
[Site "London ENG"]
[Date "2016.12.15"]
[Round "8.54"]
[White "Hill, Alistair"]
[Black "Makepeace, Philip J"]
[Result "1-0"]
[WhiteElo "2237"]
[BlackElo "2077"]
[WhiteFideId "432407"]
[BlackFideId "413550"]
[EventDate "2016.12.09"]

1. Nf3 d5 2. g3 Nf6 3. Bg2 e6 4. O-O Be7 5. c4 O-O 6. b3 c6 7. Bb2 Nbd7 8. d3
Re8 9. Nbd2 Bf8 10. e4 dxe4 11. Nxe4 Nxe4 12. dxe4 Nc5 13. Qc2 Qd3 14. Qxd3 Nxd3
15. Bc3 Bb4 16. Rad1 Bxc3 17. Rxd3 Bb4 18. Rfd1 Kf8 19. e5 h6 20. Nd2 Bxd2 21.
R1xd2 a5 22. a3 Ra6 23. Kf1 Ke7 24. Ke2 Rb6 25. Kd1 Ra6 26. Kc2 Ra7 27. Rd6 Ra6
28. Kc3 Ra7 29. c5 Ra8 30. b4 axb4+ 31. axb4 Ra1 32. Rd1 Rxd1 33. Rxd1 Bd7 34.
Ra1 Kd8 35. b5 Kc7 36. b6+ Kb8 37. Ra4 Rd8 38. Rg4 g6 39. Rh4 h5 40. Rd4 Kc8 41.
Kd3 Be8 42. Rd6 Bd7 43. Ke3 g5 44. Rd4 Rf8 45. Ra4 Kb8 46. h4 Rg8 47. Bf3 g4 48.
Be2 Rd8 49. Rd4 Kc8 50. Bd3 Rf8 51. Ra4 Kb8 52. Rf4 f5 53. Rd4 Kc8 54. Kf4 Rg8
55. Bc2 Rg7 56. Bb3 Rg6 57. Bc4 Rg7 58. Rd6 Rg6 59. Ke3 Rh6 60. Kd3 Rg6 61. Ke3
Rh6 62. Bd3 Rh7 63. Kf4 Rg7 64. Be2 Kd8 65. f3 Ke7 66. Rd4 Rg8 67. Ra4 Bc8 68.
Ra8 Kd8 69. fxg4 fxg4 70. Bd3 Rg7 71. Be4 Kd7 72. Ra2 Kd8 73. Ke3 Rg8 74. Rf2
Ke7 75. Rf6 Bd7 76. Bg6 Be8 77. Bxe8 Rxe8 78. Rh6 Rf8 79. Rxh5 Kd8 80. Kd4 Rf3
81. Rh8+ 1-0